000
00290nam a2200121Ia 4500
008
241002s9999 xx 000 0 und d
082
_a
808.83 SHA
100
_a
Shaw Bernand
245
4
_a
The Black Girl in Search of God
260
_a
New York:
_c
1952
600
_a
Literature
942
_c
UC
999
_c
18661
_d
18661